Arqueología de San Luis Potosí (Record no. 10066)

MARC details
000 -CABECERA
campo de control de longitud fija 00759nam a2200229 a 4500
001 - NÚMERO DE CONTROL
campo de control BRL_1254
005 - FECHA Y HORA DE LA ÚLTIMA TRANSACCIÓN
campo de control 20190320211119.0
008 - DATOS DE LONGITUD FIJA--INFORMACIÓN GENERAL
campo de control de longitud fija 051213s1948----mx-a######---#000-0#spa-#
041 ## - CÓDIGO DE LENGUA
Código de lengua del texto/banda sonora o título independiente spa
044 ## - CÓDIGO DEL PAÍS DE LA ENTIDAD EDITORA/PRODUCTORA
Código MARC del país mx
050 #4 - SIGNATURA TOPOGRÁFICA DE LA BIBLIOTECA DEL CONGRESO
Número de clasificación F1336
Número de documento/Ítem .M43 1948
100 1# - ENTRADA PRINCIPAL--NOMBRE DE PERSONA
Nombre de persona Meade, Joaquín
Fechas asociadas al nombre 1896-1971
9 (RLIN) 23348
245 10 - MENCIÓN DE TÍTULO
Título Arqueología de San Luis Potosí
Mención de responsabilidad, etc. Joaquín Meade.
260 ## - PUBLICACIÓN, DISTRIBUCIÓN, ETC.
Lugar de publicación, distribución, etc. México
Nombre del editor, distribuidor, etc. Ediciones de la Sociedad Mexicana de Geografía y Estadística
Fecha de publicación, distribución, etc. 1948
300 ## - DESCRIPCIÓN FÍSICA
Extensión 203 p.
Otras características físicas il., 1 mapa plegable
Dimensiones 20 cm.
440 #0 - MENCIÓN DE SERIE/PUNTO DE ACCESO ADICIONAL--TÍTULO
Título Temas de México - Serie Historia
Designación de volumen o secuencia 4
9 (RLIN) 26285
500 ## - NOTA GENERAL
Nota general Incluye índice alfabético e índice de láminas
500 ## - NOTA GENERAL
Nota general Au1448
651 #4 - PUNTO DE ACCESO ADICIONAL DE MATERIA--NOMBRE GEOGRÁFICO
Nombre geográfico San Luis Potosí (México : Estado)
Subdivisión general Antigüedades
9 (RLIN) 26286
902 ## - CATALOGADOR
Iniciales GRL
942 ## - ELEMENTOS DE PUNTO DE ACCESO ADICIONAL (KOHA)
Fuente del sistema de clasificación o colocación Library of Congress Classification
Tipo de ítem Koha Libros
Holdings
Estado de retiro Estado de pérdida Estado dañado No para préstamo Localización permanente Ubicación/localización actual Fecha de adquisición Número de inventario Total de préstamos Signatura topográfica completa Código de barras Fecha visto por última vez Precio válido a partir de Tipo de ítem Koha
El ejemplar forma parte de la colección y puede ser consultado según las políticas vigentes.       Biblioteca Centro de Estudios Ruth D. Lechuga Biblioteca Centro de Estudios Ruth D. Lechuga 05/12/2013 Au1448   F1336 .M43 1948 (Au1448) GRL01372 22/03/2019 22/03/2019 Libros